00984cam a22002534a 450000100090000000300050000900500170001400800410003101000170007202000180008904000180010705000230012508200110014810000260015924500750018524600120026024600500027226000410032230000470036350000200041050501890043065000290061985600820064815071598SISC20160722161522.0071105s2008 flua 001 0 eng  a 2007045957 a9781893951303 aDLCcDLCdDLC00aAG 243b.B419 200700a031.021 aBell-Rehwoldt, Sheri.10aRipley's believe it or not! :cSheri Bell-Rehwoldt.btotally bizarre /30aBizarre18aRipley's believe it or not! : totally bizarre aOrlando, Fla. :bRipley Pub.,c2007. a383 pages :bcolor illustrations ;c23 cm. aIncludes index.0 aRipley's world -- Was that a good idea? -- Life in the fast lane -- Taking life to extremes -- Animal antics -- What are you like? -- All-consuming -- Totally obsessed -- Off the wall. 0aCuriosities and wonders.413Table of contents onlyuhttp://www.loc.gov/catdir/toc/ecip084/2007045957.html